000 00595nam a2200193Ia 4500
008 151119s9999||||xx |||||||||||||| ||und||
082 _a891.46308
082 _bGKKV15921
100 _a"डांगळे, अर्जुन"
245 _aउध्वस्त क्षितिज
260 _a--
260 _b--
260 _c1976
600 _a"डांगळे, अर्जुन"
630 _aउध्वस्त क्षितिज
700 _a"डांगळे, अर्जुन"
730 _aउध्वस्त क्षितिज
942 _cBOOK
999 _c1069246
_d1069243